000 00291nam a2200157Ia 4500
100 _aLouys/ Pierre
650 _aGeneral
942 _cBK
654 _aAphrodite
245 _aAphrodite
260 _bnone
082 _a808.8
_bLOU
300 _a236
546 _aENGLISH
999 _c18275
_d18275